000 00284nam a22001217a 4500
008 170714b xxu||||| |||| 00| 0 eng d
041 _aeng
080 _a038
100 _a24
101 _aFJA
245 _aA PRONOUNCING DICTIONARY OF AMERICAN ENGLISH
_cKENYON,J.S
942 _2udc
_cBK
999 _c20840
_d20840